Métodos cuantitativos para administración: (Registro nro. 9060)

Detalles MARC
000 -LEADER
fixed length control field 01330nam a2200205Ia 4500
005 - FECHA Y HORA DE LA ÚLTIMA TRANSACCIÓN
control field 20230831160435.0
008 - FIXED-LENGTH DATA ELEMENTS--GENERAL INFORMATION
fixed length control field 230823s9999 xx 000 0 und d
020 ## - INTERNATIONAL STANDARD BOOK NUMBER
International Standard Book Number 970-103-362-0
040 ## - CATALOGING SOURCE
Original cataloging agency UPAN
Transcribing agency Biblioteca San Vicente
Description conventions RCAA2
041 ## - LANGUAGE CODE
Language code of text/sound track or separate title spa
082 ## - DEWEY DECIMAL CLASSIFICATION NUMBER
Classification number 658.403
Item number H555m
año de publicación 2002
100 ## - MAIN ENTRY--PERSONAL NAME
Personal name Hillier, Frederick S.
Relator code aut.
245 #0 - TITLE STATEMENT
Title Métodos cuantitativos para administración:
Remainder of title Un enfoque de modelos y casos de estudios, con hoja de calculo/
Statement of responsibility, etc Frederick S. Hilllier, Mark S. Hillier, Gerald J. Liberman
260 ## - PUBLICATION, DISTRIBUTION, ETC. (IMPRINT)
Place of publication, distribution, etc México:
Name of publisher, distributor, etc McGraw Hill,
Date of publication, distribution, etc 2002
300 ## - PHYSICAL DESCRIPTION
Extent 855 p.;
Dimensions 25 cm.
505 ## - FORMATTED CONTENTS NOTE
Formatted contents note 1. Introducción<br/>2. Programacion Lineal: Conceptos básicos<br/>3. Programacion lineal: formulación y aplicación<br/>4. Análisis de "que pasa si" para programación lineal <br/>5. Problemas de transporte y de asignación<br/>6. Problemas de optimización de redes<br/>7. Administración de proyectos con PERT/CPM<br/>8. Mas allá de la programación lineal<br/>9. Uso de programación entera binaria para decisiones si o no<br/>10. Análisis de decisiones<br/>11. Administración de inventarios<br/>12. Administración de inventarios con demanda incierta<br/>13. pronósticos <br/>14. Modelos de colas<br/>15. Simulacion por computadoras
650 ## - SUBJECT ADDED ENTRY--TOPICAL TERM
Source of heading or term LEMB
Form subdivision Administración
General subdivision Modelos matemáticos
700 ## - ADDED ENTRY--PERSONAL NAME
Personal name Hillier, Mark S.
Relator code aut.
942 ## - ADDED ENTRY ELEMENTS (KOHA)
Koha item type Libros
Source of classification or shelving scheme Dewey Decimal Classification
Existencias
Withdrawn status Lost status Source of classification or shelving scheme Damaged status Not for loan Collection code Home library Current library Date acquired Total Checkouts Full call number Barcode Date last seen Copy number Price effective from Koha item type
    Dewey Decimal Classification     Colección General Biblioteca UPAN San Vicente Biblioteca UPAN San Vicente 23/08/2023   658.403 H555m 12001738 23/08/2023 01 23/08/2023 Libros